[Event "Ì17Ï"]
[Site "Loo"]
[Date "2017.04.24"]
[Round "5.16"]
[White "Æàôÿðîâ, Àäåëü."]
[Black "Ñåòþêîâ, Ðàäåëü."]
[Result "0-1"]
[WhiteElo "2111"]
[BlackElo "1916"]
[PlyCount "98"]
[EventDate "2017.04.20"]

1. d4 Nf6 2. Bf4 e6 3. e3 b6 4. Nd2 Bb7 5. c3 Be7 6. h3 O-O 7. Ngf3 c5 8. Be2
d6 9. O-O Nbd7 10. a4 Re8 11. Bh2 Ne4 12. a5 Ndf6 13. Bb5 Rf8 14. a6 Bd5 15. c4
Nxd2 16. Nxd2 Be4 17. Nxe4 Nxe4 18. Bc6 d5 19. Bxa8 Qxa8 20. dxc5 bxc5 21. cxd5
exd5 22. f3 Nd6 23. b3 Qc6 24. Be5 Nf5 25. Qd3 Qe6 26. Bf4 g5 27. e4 gxf4 28.
exf5 Qe3+ 29. Qxe3 fxe3 30. Rfd1 d4 31. Kf1 Rb8 32. Rd3 Kg7 33. f4 h5 34. g3
Rb5 35. Ra2 Kf6 36. Ke2 Kxf5 37. Kf3 Ke6 38. g4 Kd5 39. Ra4 hxg4+ 40. hxg4 Rb8
41. Ra5 Bd6 42. Ra2 Re8 43. Re2 Re4 44. Rg2 Rxf4+ 45. Ke2 Ke4 46. Rd1 Rf6 47.
Rd3 Bf4 48. Rd1 Rxa6 49. Kf1 d3 0-1

[Event "Ì17Ï"]
[Site "Loo"]
[Date "2017.04.24"]
[Round "5.17"]
[White "Êûøòûìîâ, Äàíèèë."]
[Black "Ãîãè÷åâ, Ãåîðãèé."]
[Result "1-0"]
[WhiteElo "2082"]
[BlackElo "1869"]
[PlyCount "53"]
[EventDate "2017.04.20"]

1. e4 e5 2. Nf3 Nf6 3. Nxe5 d6 4. Nf3 Nxe4 5. Nc3 Nxc3 6. dxc3 Bg4 7. h3 Bxf3
8. Qxf3 c6 9. Bf4 Be7 10. O-O-O O-O 11. Kb1 a5 12. g4 Na6 13. h4 Nc5 14. g5 Ne6
15. Be3 Rb8 16. Bd3 d5 17. h5 Nxg5 18. Bxg5 Bxg5 19. Qf5 g6 20. hxg6 hxg6 21.
Qh3 Kg7 22. Qh7+ Kf6 23. f4 Bxf4 24. Rhf1 g5 25. Rxf4+ gxf4 26. Qf5+ Ke7 27.
Qe5+ 1-0

[Event "Ì17Ï"]
[Site "Loo"]
[Date "2017.04.24"]
[Round "5.18"]
[White "Áóðõàíîâ, Âàñèëèé."]
[Black "Íèêèòèí, Ãåîðãèé."]
[Result "1/2-1/2"]
[WhiteElo "2026"]
[BlackElo "1847"]
[PlyCount "82"]
[EventDate "2017.04.20"]

1. e4 c6 2. d4 d5 3. Nc3 dxe4 4. Nxe4 Bf5 5. Ng3 Bg6 6. h4 h6 7. N1e2 e5 8. Be3
Qb6 9. Qc1 Nd7 10. c3 O-O-O 11. dxe5 Nxe5 12. Nf4 Bc5 13. Bxc5 Qxc5 14. Be2
Nd3+ 15. Bxd3 Bxd3 16. Nxd3 Rxd3 17. Qf4 Qe7+ 18. Qe4 Qd7 19. O-O Nf6 20. Qf5
Rd8 21. Rfe1 Rd2 22. Rab1 Qxf5 23. Nxf5 Ng4 24. f3 Nf2 25. Nxg7 Rc2 26. Nf5
Rdd2 27. Nd4 Rxb2 28. Rxb2 Rxb2 29. Re2 Rxe2 30. Nxe2 Nd1 31. g4 Kd7 32. Kf1 c5
33. Ke1 Ne3 34. Kd2 Nc4+ 35. Kd3 Nd6 36. Nf4 b5 37. h5 f6 38. Ng2 Ke6 39. Nf4+
Kd7 40. Ng6 Ke6 41. Nf4+ Kd7 1/2-1/2

[Event "Ì17Ï"]
[Site "Loo"]
[Date "2017.04.24"]
[Round "5.19"]
[White "Íóðèñòàíè, Èìàí."]
[Black "Äàâèäåíêî, Äìèòðèé."]
[Result "1/2-1/2"]
[WhiteElo "1998"]
[BlackElo "1839"]
[PlyCount "72"]
[EventDate "2017.04.20"]

1. d4 Nf6 2. c4 e5 3. dxe5 Ng4 4. e3 Nxe5 5. Nh3 Bb4+ 6. Bd2 Bxd2+ 7. Qxd2 d6
8. Nf4 Bf5 9. Nc3 Nbd7 10. Be2 Nc5 11. Qd4 Qd7 12. e4 Be6 13. O-O O-O-O 14.
Rab1 Kb8 15. b4 Na4 16. Nb5 Nc6 17. Qd1 Nb6 18. Nd5 Bxd5 19. exd5 Ne5 20. a4 f5
21. f4 Nexc4 22. Qd4 Rhe8 23. Nc3 c5 24. dxc6 Qxc6 25. a5 Na4 26. b5 Nxc3 27.
Qxc3 Qc5+ 28. Kh1 Re4 29. Bxc4 d5 30. Qxg7 dxc4 31. a6 Qe7 32. Qc3 Rd3 33. Qh8+
Rd8 34. Qc3 Rd3 35. Qh8+ Rd8 36. Qc3 Rd3 1/2-1/2

[Event "Ì17Ï"]
[Site "Loo"]
[Date "2017.04.24"]
[Round "5.20"]
[White "Âåòîõèí, Èëüÿ."]
[Black "Çèñèí, Îëåã."]
[Result "1-0"]
[WhiteElo "1913"]
[BlackElo "1988"]
[PlyCount "79"]
[EventDate "2017.04.20"]

1. d4 Nf6 2. c4 e6 3. Nc3 Bb4 4. e3 b6 5. Nge2 Bb7 6. a3 Be7 7. d5 O-O 8. g3 d6
9. Bg2 Nbd7 10. O-O e5 11. b4 Re8 12. Bb2 a5 13. Qd3 Nf8 14. e4 Bc8 15. f4 Ng6
16. f5 Nf8 17. h3 h6 18. g4 N6h7 19. Ng3 Nd7 20. Nce2 Bg5 21. Bc3 Qe7 22. Kh2
Ndf6 23. Bd2 Bxd2 24. Qxd2 Nf8 25. Rg1 Bd7 26. b5 N8h7 27. Qe3 Reb8 28. Rh1 Rf8
29. Bf3 Ng5 30. Kg2 Nfh7 31. h4 Nxf3 32. Qxf3 f6 33. Ng1 Rf7 34. Nh3 Raf8 35.
Rag1 Kh8 36. Kf2 Rg8 37. Rh2 Rff8 38. Qe3 g5 39. fxg6 Rxg6 40. Nf5 1-0

[Event "Ì17Ï"]
[Site "Loo"]
[Date "2017.04.24"]
[Round "5.21"]
[White "Íàêîíå÷íûé, Èãíàò."]
[Black "Ñàòäàðîâ, Ìèõàèë."]
[Result "1/2-1/2"]
[WhiteElo "1977"]
[BlackElo "1496"]
[PlyCount "87"]
[EventDate "2017.04.20"]

1. e4 c5 2. Nf3 d6 3. d4 cxd4 4. Nxd4 Nf6 5. Nc3 g6 6. Be3 Bg7 7. f3 Nc6 8. Qd2
O-O 9. Bc4 a6 10. Bb3 Na5 11. g4 Nxb3 12. axb3 Bd7 13. h4 h5 14. g5 Nh7 15. b4
f6 16. gxf6 Bxf6 17. Nd5 e5 18. Nxf6+ Qxf6 19. Ne2 Qxf3 20. O-O-O Qxe4 21. Nc3
Qc6 22. Nd5 Rae8 23. Rhg1 Bf5 24. Rdf1 Kh8 25. Bh6 Rf7 26. Qg2 Qd7 27. Ne3 Bg4
28. Rxf7 Qxf7 29. Nxg4 hxg4 30. Qxg4 Rg8 31. Kb1 Qf5 32. Qe2 Nf6 33. Bg5 Nh5
34. Rf1 Qe6 35. Qd2 Kh7 36. Rd1 Re8 37. Qxd6 Qxd6 38. Rxd6 e4 39. Kc1 e3 40.
Kd1 e2+ 41. Ke1 Ng3 42. Bf4 Nf5 43. Rd2 Kg8 44. Bg5 {äàëåå çàïèñü íåðàçáîð~~èâà
} 1/2-1/2

[Event "Ì17Ï"]
[Site "Loo"]
[Date "2017.04.24"]
[Round "5.22"]
[White "Ëèòâèíîâ, Àíòîí."]
[Black "Êàðåëîâ, Ïàâåë."]
[Result "0-1"]
[WhiteElo "1866"]
[BlackElo "1969"]
[PlyCount "82"]
[EventDate "2017.04.20"]

1. d4 d5 2. Nf3 Nf6 3. Bf4 e6 4. e3 Be7 5. c4 O-O 6. Nc3 Nbd7 7. Be2 dxc4 8.
Bxc4 Nb6 9. Bd3 Nbd5 10. Bg3 b6 11. O-O Bb7 12. a3 c5 13. Rc1 Nxc3 14. Rxc3
Bxf3 15. gxf3 cxd4 16. exd4 Bd6 17. Bh4 Be7 18. Bxf6 Bxf6 19. Be4 Bxd4 20. Rd3
Qg5+ 21. Kh1 Be5 22. Rg1 Qh6 23. Rg2 Rac8 24. Qe2 Rc1+ 25. Rd1 Rxd1+ 26. Qxd1
Bxb2 27. a4 Rc8 28. Bc2 Be5 29. Kg1 g6 30. Kf1 Bxh2 31. Ke2 Be5 32. Rg4 Qf8 33.
Qd3 Qc5 34. Bd1 Bf6 35. Qb3 Qc1 36. Re4 Bg5 37. Rd4 Rd8 38. Rxd8+ Bxd8 39. Qb5
Bg5 40. Bb3 Qd2+ 41. Kf1 Bh4 0-1

[Event "Ì17Ï"]
[Site "Loo"]
[Date "2017.04.24"]
[Round "5.23"]
[White "Êîëõèäîâ, Àçàìàò."]
[Black "Øèðøîâ, Íèêîëàé."]
[Result "0-1"]
[WhiteElo "1712"]
[BlackElo "1931"]
[PlyCount "106"]
[EventDate "2017.04.20"]

1. e4 c5 2. Nf3 g6 3. d4 cxd4 4. Nxd4 Bg7 5. Nc3 Nc6 6. Be3 Nf6 7. Be2 O-O 8.
f3 d5 9. exd5 Nxd5 10. Nxd5 Qxd5 11. c3 Nxd4 12. Bxd4 Bxd4 13. Qxd4 Qxd4 14.
cxd4 Rd8 15. Rd1 Be6 16. b3 Rac8 17. Rd2 Rc1+ 18. Bd1 Bd5 19. O-O Rdc8 20. Be2
R1c3 21. Bd3 f5 22. Re1 Kf7 23. Kf2 e6 24. Ree2 R8c6 25. Ke3 Rd6 26. Rc2 Rxc2
27. Rxc2 Bc6 28. g3 g5 29. Rc4 Kf6 30. a4 h6 31. Rb4 a6 32. Rc4 Rd7 33. Bc2 Rg7
34. Bd3 Bd5 35. Rc3 h5 36. Bc4 Rc7 37. a5 g4 38. f4 Be4 39. Kd2 Rd7 40. Ke3 h4
41. Bd3 Bd5 42. Bc4 hxg3 43. hxg3 Rc7 44. Kd2 Be4 45. d5 Rd7 46. Ke3 exd5 47.
Bxd5 Bxd5 48. b4 Bc6 49. Rc2 Rd1 50. Rd2 Rxd2 51. Kxd2 Ke6 52. Kc3 Kd5 53. Kd3
Bb5+ 0-1

[Event "Ì17Ï"]
[Site "Loo"]
[Date "2017.04.24"]
[Round "5.24"]
[White "Ñîêîëîâ, Íèêèòà."]
[Black "Åãîðîâ, Àëåêñåé."]
[Result "1-0"]
[WhiteElo "2049"]
[BlackElo "1776"]
[PlyCount "57"]
[EventDate "2017.04.20"]

1. Nf3 d5 2. g3 c5 3. Bg2 Nc6 4. d4 Bf5 5. O-O e6 6. c4 Nf6 7. Nc3 Be7 8. cxd5
Nxd5 9. Nxd5 Qxd5 10. Be3 cxd4 11. Nxd4 Be4 12. f3 Bg6 13. Nxc6 bxc6 14. Qa4
Bc5 15. Bxc5 Qxc5+ 16. Kh1 O-O 17. f4 Rab8 18. b3 Qe3 19. Qc4 Rfc8 20. Rac1 c5
21. Rfd1 h6 22. Rc3 Qf2 23. Rf3 Bd3 24. Qxd3 Qd4 25. Qxd4 cxd4 26. Rfd3 Rc2 27.
R3d2 Rbc8 28. Be4 d3 29. Bxd3 1-0

[Event "Ì17Ï"]
[Site "Loo"]
[Date "2017.04.24"]
[Round "5.25"]
[White "Ìîèñååâ, Äàíèëà."]
[Black "Ãàâðèê, Àëåêñàíäð."]
[Result "1-0"]
[WhiteElo "2037"]
[BlackElo "1688"]
[PlyCount "55"]
[EventDate "2017.04.20"]

1. e4 c5 2. Nf3 Nc6 3. d4 cxd4 4. Nxd4 Nf6 5. Nc3 d6 6. Bg5 e6 7. Qd2 Be7 8.
O-O-O a6 9. f4 d5 10. exd5 Nxd5 11. Nxd5 Qxd5 12. Bxe7 Nxe7 13. Qb4 Nc6 14.
Nxc6 Qxc6 15. Be2 Qc7 16. Bf3 a5 17. Qb5+ Kf8 18. h4 h6 19. Rd4 Kg8 20. g4 Kh7
21. Be4+ g6 22. h5 Kg7 23. hxg6 fxg6 24. f5 exf5 25. gxf5 Qf4+ 26. Kb1 Bxf5 27.
Rf1 Qg4 28. Qe5+ 1-0

[Event "Ì17Ï"]
[Site "Loo"]
[Date "2017.04.24"]
[Round "5.26"]
[White "Ëèïèëèí, Èëüÿ."]
[Black "Êîëèåâ, Èðëàí."]
[Result "1/2-1/2"]
[WhiteElo "1951"]
[BlackElo "1739"]
[PlyCount "92"]
[EventDate "2017.04.20"]

1. d4 Nf6 2. c4 g6 3. f3 Bg7 4. e4 d6 5. Nc3 O-O 6. Bg5 Nbd7 7. Nh3 e5 8. d5 h6
9. Be3 Nh5 10. Qd2 Kh7 11. Be2 a6 12. g4 Nf4 13. Nxf4 exf4 14. Bxf4 Ne5 15. Be3
f5 16. gxf5 gxf5 17. O-O-O b5 18. Rhg1 Qh4 19. f4 b4 20. fxe5 bxc3 21. Rxg7+
Kxg7 22. Qxc3 Kh7 23. exd6 cxd6 24. Rg1 Rg8 25. Rxg8 Kxg8 26. exf5 Bxf5 27. Kd2
Re8 28. Qd4 Re4 29. Qb6 Qxh2 30. Qxa6 Bg4 31. c5 Bxe2 32. Qxe2 Qe5 33. Qd3
Qxb2+ 34. Kd1 Qe5 35. Kd2 Rg4 36. cxd6 Rg2+ 37. Ke1 Qxd6 38. Qe4 Rg7 39. Qe8+
Kh7 40. Qe4+ Rg6 41. Bf4 Qd7 42. a4 h5 43. a5 Qd8 44. Bd2 h4 45. a6 h3 46. a7
h2 1/2-1/2

[Event "Ì17Ï"]
[Site "Loo"]
[Date "2017.04.24"]
[Round "5.27"]
[White "Ãåòüìàí, Äìèòðèé."]
[Black "Ìàìîøèí, Îëåã."]
[Result "1/2-1/2"]
[WhiteElo "1863"]
[BlackElo "1668"]
[PlyCount "76"]
[EventDate "2017.04.20"]

1. d4 Nf6 2. c4 g6 3. Nc3 Bg7 4. e4 d6 5. Nf3 O-O 6. h3 c6 7. Be2 a6 8. Be3 b5
9. a3 Nbd7 10. O-O e5 11. dxe5 dxe5 12. Qc2 Qe7 13. b4 Bb7 14. c5 a5 15. Nd2
Rfd8 16. Nb3 a4 17. Na5 Nf8 18. Nxb7 Qxb7 19. Rfd1 Qc7 20. Bf3 Ne6 21. Ne2 Qe7
22. Rxd8+ Rxd8 23. Rd1 Rd7 24. g3 Qd8 25. Rxd7 Qxd7 26. Qd2 Qxd2 27. Bxd2 Kf8
28. Bg2 Nd7 29. Kf1 Ke7 30. Ke1 Nc7 31. Bc3 Bh6 32. Bd2 Bg7 33. Bc3 Bh6 34. Bd2
Bg7 35. Bc3 Bh6 36. Bd2 Bg7 37. Bc3 Bh6 38. Bd2 Bg7 1/2-1/2

[Event "Ì17Ï"]
[Site "Loo"]
[Date "2017.04.24"]
[Round "5.28"]
[White "Ôîìè÷åâ, Èëüÿ."]
[Black "Ïîëòîðàöêèé, Àëåêñàíäð."]
[Result "1/2-1/2"]
[WhiteElo "1648"]
[BlackElo "1857"]
[PlyCount "81"]
[EventDate "2017.04.20"]

1. e4 c6 2. d4 d5 3. Nc3 dxe4 4. Nxe4 Bf5 5. Ng3 Bg6 6. h4 h6 7. Nf3 e6 8. Ne5
Bh7 9. Nh5 Nd7 10. Nxd7 Qxd7 11. c3 Bg6 12. Bd3 Bxh5 13. Qxh5 Nf6 14. Qf3 Bd6
15. Bd2 Bc7 16. O-O-O Qd5 17. Qxd5 Nxd5 18. g3 O-O-O 19. Bc2 Rhe8 20. Rhe1 Kb8
21. Bb3 Bd6 22. a3 b6 23. Re2 Rc8 24. Kb1 Kb7 25. c4 Nf6 26. Bc3 Nd7 27. Rde1
Red8 28. d5 Nc5 29. Ba2 Bf8 30. b4 Na4 31. Ba1 cxd5 32. Bb3 b5 33. cxd5 exd5
34. Rd1 Nc3+ 35. Bxc3 Rxc3 36. Kb2 d4 37. Bxf7 Rc7 38. Bg6 Be7 39. Rc2 Bf6 40.
Rxc7+ Kxc7 41. Bd3 1/2-1/2

[Event "Ì17Ï"]
[Site "Loo"]
[Date "2017.04.24"]
[Round "5.29"]
[White "Èäèãîâ, Àáóáàêàð."]
[Black "Ìóðòàçèí, Ðèôàò."]
[Result "1-0"]
[WhiteElo "1833"]
[BlackElo "1592"]
[PlyCount "75"]
[EventDate "2017.04.20"]

1. d4 d5 2. Bf4 Bf5 3. e3 e6 4. Bd3 Bxd3 5. Qxd3 c6 6. Nf3 Nf6 7. Nbd2 Bd6 8.
Bxd6 Qxd6 9. Ne5 Nbd7 10. f4 O-O 11. O-O Rfe8 12. Rf3 c5 13. c3 cxd4 14. exd4
Rab8 15. Rh3 b5 16. g4 Nf8 17. Rf1 Re7 18. Qg3 N6d7 19. g5 Nxe5 20. fxe5 Qc7
21. Qf2 a5 22. Re3 b4 23. h4 Qb6 24. h5 Rc8 25. h6 Nd7 26. hxg7 bxc3 27. bxc3
Qb2 28. Rf3 Kxg7 29. Rxf7+ Rxf7 30. Qxf7+ Kh8 31. g6 hxg6 32. Qxd7 Qxc3 33.
Qxe6 Qxd4+ 34. Rf2 Qa1+ 35. Nf1 Qc1 36. Rh2+ Kg7 37. Qf6+ Kg8 38. Rh8# 1-0

[Event "Ì17Ï"]
[Site "Loo"]
[Date "2017.04.24"]
[Round "5.30"]
[White "Âàùåíêî, Ëåâ."]
[Black "Ïåòðîâñêèé, Àíäðåé."]
[Result "0-1"]
[WhiteElo "1478"]
[BlackElo "1780"]
[PlyCount "88"]
[EventDate "2017.04.20"]

1. e4 c5 2. Nf3 Nc6 3. c3 e6 4. d4 d5 5. exd5 exd5 6. Bb5 Bd6 7. O-O Nge7 8.
Re1 O-O 9. dxc5 Bxc5 10. Nbd2 Nf5 11. Nb3 Bxf2+ 12. Kxf2 Qb6+ 13. Nbd4 Nfxd4
14. Nxd4 Nxd4 15. Qxd4 Qxb5 16. a4 Qc6 17. Re3 Bf5 18. Bd2 b6 19. Rae1 Rac8 20.
Rg3 f6 21. Re7 Rf7 22. Rxf7 Kxf7 23. a5 Qb5 24. axb6 Rc4 25. Qe3 Re4 26. Qf3
Qxb2 27. Qd1 Qxb6+ 28. Be3 Qe6 29. h3 a5 30. Bd4 Qc6 31. Qf3 Bg6 32. Qd1 a4 33.
Qa1 Qb5 34. Re3 Rxe3 35. Kxe3 Qd3+ 36. Kf2 Qc2+ 37. Kg3 Be4 38. Qf1 a3 39. h4
a2 40. h5 a1=Q 41. Qxa1 Qxg2+ 42. Kh4 Qh2+ 43. Kg4 f5+ 44. Kg5 Qg3# 0-1

[Event "Ì17Ï"]
[Site "Loo"]
[Date "2017.04.24"]
[Round "5.31"]
[White "Öóðöóìèÿ, Ðóñëàí."]
[Black "Ôîøåíêî, Êèðèëë."]
[Result "1-0"]
[WhiteElo "1548"]
[BlackElo "1849"]
[PlyCount "49"]
[EventDate "2017.04.20"]

1. d4 Nf6 2. Bf4 g6 3. e3 Bg7 4. Nf3 d6 5. h3 Nbd7 6. Nbd2 O-O 7. Be2 c5 8. c3
b6 9. Qc2 Bb7 10. O-O Rc8 11. Qd3 cxd4 12. exd4 Nh5 13. Bh2 Bh6 14. Ne4 Nf4 15.
Bxf4 Bxf4 16. Bd1 Nb8 17. Re1 a5 18. d5 Ba6 19. Qb1 b5 20. Neg5 h6 21. Ne6 fxe6
22. Qxg6+ Kh8 23. Bc2 Rf7 24. Qxf7 Qg8 25. Qxf4 1-0

[Event "Ì17Ï"]
[Site "Loo"]
[Date "2017.04.24"]
[Round "5.32"]
[White "Ëåîíîâ, Êèðèëë."]
[Black "Ìóðàâüåâ, Ìàêñèì."]
[Result "0-1"]
[WhiteElo "1755"]
[BlackElo "1546"]
[PlyCount "58"]
[EventDate "2017.04.20"]

1. e4 e6 2. d4 d5 3. exd5 exd5 4. c4 dxc4 5. Bxc4 Nf6 6. Nc3 Bd6 7. Nf3 O-O 8.
O-O Bg4 9. h3 Bd7 10. Bg5 h6 11. Bh4 Be7 12. Re1 Bc6 13. Ne5 Be8 14. Ng6 Nc6
15. Nxf8 Kxf8 16. d5 Na5 17. Qd3 a6 18. Bb3 g5 19. Bg3 Nxb3 20. axb3 b5 21.
Rad1 Bd6 22. Bxd6+ Qxd6 23. Ne4 Nxe4 24. Qxe4 Bd7 25. Qd4 f6 26. b4 a5 27. Rd3
axb4 28. Rf3 Kf7 29. Re6 Ra1+ 0-1

[Event "Ì17Ï"]
[Site "Loo"]
[Date "2017.04.24"]
[Round "5.33"]
[White "Øóøàêîâ, Àíäðåé."]
[Black "Âîëêîâ, Ãðèãîðèé."]
[Result "0-1"]
[WhiteElo "1558"]
[BlackElo "1651"]
[PlyCount "80"]
[EventDate "2017.04.20"]

1. e4 c5 2. Nf3 d6 3. d4 cxd4 4. Nxd4 Nf6 5. Nc3 a6 6. Bg5 e6 7. Be2 Be7 8. f4
Qb6 9. Nb3 h6 10. Bxf6 Bxf6 11. Qd2 O-O 12. O-O-O Rd8 13. h4 a5 14. a4 Na6 15.
Nb5 Nc5 16. Qe3 Bxb2+ 17. Kb1 Bf6 18. e5 Nxa4 19. Qxb6 Nxb6 20. exf6 a4 21. Nc1
Nd5 22. Bf3 Ra5 23. c4 Ne3 24. Rxd6 Rxb5+ 25. cxb5 Rxd6 26. Ne2 gxf6 27. Nc3
Rd4 28. Ka2 e5 29. fxe5 fxe5 30. Re1 Be6+ 31. Kb1 Bf5+ 32. Kc1 Rd3 33. Nxa4 e4
34. Be2 Ra3 35. Kd2 Nd5 36. Bd1 e3+ 37. Kc1 Ra1+ 38. Kb2 Rb1+ 39. Ka3 e2 40.
Rxe2 Rxd1 {äàëåå çàïèñü íåðàçáîð~~èâà} 0-1

[Event "Ì17Ï"]
[Site "Loo"]
[Date "2017.04.24"]
[Round "5.34"]
[White "Öîïàíîâ, Ìèõàèë."]
[Black "Ìàòóùàê, Äàíèèë."]
[Result "1/2-1/2"]
[WhiteElo "1586"]
[BlackElo "1291"]
[PlyCount "95"]
[EventDate "2017.04.20"]

1. c4 e5 2. Nc3 Nf6 3. g3 Bb4 4. Bg2 O-O 5. e3 Re8 6. Nge2 c6 7. O-O d5 8. cxd5
cxd5 9. Qb3 Bxc3 10. bxc3 b6 11. d4 e4 12. Ba3 Ba6 13. Rfe1 Bc4 14. Qb2 Nc6 15.
Nc1 Qd7 16. Nb3 Rac8 17. Nd2 Bd3 18. Rac1 Na5 19. Bb4 Nc4 20. Nxc4 Rxc4 21. Qb3
Rec8 22. Ba3 Qf5 23. h3 h5 24. Bb2 Qd7 25. Qd1 b5 26. Qd2 Ne8 27. Ba3 Nd6 28.
Kh2 Ra4 29. Bxd6 Qxd6 30. Ra1 Qa3 31. Rec1 Rac4 32. Qd1 Rxc3 33. Rxc3 Qxc3 34.
Bf1 Bc2 35. Qc1 Ba4 36. Qxc3 Rxc3 37. Kg2 a5 38. Be2 b4 39. Bxh5 Bc2 40. Bd1
Bxd1 41. Rxd1 Rc2 42. Ra1 Kf8 43. g4 Ke7 44. Kg3 Ke6 45. h4 Re2 46. a3 b3 47.
a4 b2 48. Rb1 1/2-1/2

[Event "Ì17Ï"]
[Site "Loo"]
[Date "2017.04.24"]
[Round "5.36"]
[White "Äîáðûíèí, ßðîñëàâ."]
[Black "Íàóðáèåâ, Àõìåä."]
[Result "1/2-1/2"]
[WhiteElo "1662"]
[BlackElo "1707"]
[PlyCount "84"]
[EventDate "2017.04.20"]

1. d4 d5 2. c4 c6 3. Nc3 Nf6 4. e3 e6 5. Nf3 Nbd7 6. Bd3 dxc4 7. Bxc4 b5 8. Bd3
Bd6 9. O-O O-O 10. Ne4 Nxe4 11. Bxe4 Bb7 12. Bd2 Nf6 13. Bd3 a6 14. b4 Qe7 15.
a3 Rfd8 16. Qc2 Rac8 17. Rac1 h6 18. Rfe1 Nd7 19. Bc3 e5 20. Bf5 c5 21. dxc5
Bxf3 22. gxf3 Bb8 23. Red1 g6 24. Bxd7 Rxd7 25. Rxd7 Qxd7 26. Rd1 Qe6 27. Qd3
Bc7 28. Kg2 Qb3 29. Ba1 Qa2 30. Qc3 Qe6 31. Rd3 Kh7 32. Rd1 Kg8 33. Bb2 Qf5 34.
Qd3 Qg5+ 35. Kh1 Qh4 36. Qf1 e4 37. f4 Qg4 38. Rd4 Rd8 39. Rxd8+ Bxd8 40. h3
Qf3+ 41. Qg2 Qd1+ 42. Kh2 Qe2 1/2-1/2

[Event "Ì17Ï"]
[Site "Loo"]
[Date "2017.04.24"]
[Round "5.37"]
[White "Êîêóåâ, Èëüÿ."]
[Black "Ìèøèí, Ñàâåëèé."]
[Result "0-1"]
[WhiteElo "1548"]
[BlackElo "1377"]
[PlyCount "82"]
[EventDate "2017.04.20"]

1. e4 c6 2. d4 d5 3. exd5 cxd5 4. Be2 Nc6 5. Nf3 Nf6 6. h3 Bf5 7. c3 e6 8. Bf4
Bd6 9. Be5 Bxe5 10. Nxe5 Qb6 11. Qb3 Qc7 12. Bb5 O-O 13. Bxc6 bxc6 14. Qa4 Rfc8
15. Nd2 c5 16. O-O Ne4 17. Nxe4 Bxe4 18. Nd7 cxd4 19. cxd4 Bc2 20. b3 Qc6 21.
Qxc6 Rxc6 22. Nc5 g5 23. Rac1 Bg6 24. f4 h6 25. g4 gxf4 26. Rxf4 Rac8 27. b4
Ra6 28. Rf2 Ra4 29. Rb2 Ra3 30. Kh2 h5 31. gxh5 Bxh5 32. Rg1+ Kf8 33. Rg3 Rxg3
34. Kxg3 Ke7 35. Kf4 Rh8 36. Rb3 Be2 37. Ra3 a6 38. Kg3 Bc4 39. Nxa6 Ra8 40.
Kf4 f6 41. Kg4 Rxa6 0-1

[Event "Ì17Ï"]
[Site "Loo"]
[Date "2017.04.24"]
[Round "5.38"]
[White "Êóðèíîâ, Þðèé."]
[Black "Êóðáàíîâ, Íàðèìàí."]
[Result "0-1"]
[WhiteElo "1254"]
[BlackElo "1614"]
[PlyCount "48"]
[EventDate "2017.04.20"]

1. e4 c5 2. Nf3 g6 3. c4 Bg7 4. d4 cxd4 5. Nxd4 Nc6 6. Be3 Nf6 7. Nc3 O-O 8.
Be2 d6 9. O-O Bd7 10. f3 Nxd4 11. Bxd4 Bc6 12. b4 b6 13. Rc1 Bh6 14. Rc2 Nh5
15. c5 bxc5 16. bxc5 Nf4 17. Bb5 Bxb5 18. Nxb5 a6 19. Na3 e5 20. Bf2 Qg5 21.
Bg3 dxc5 22. Rxc5 Rfd8 23. Bxf4 Qxf4 24. Qb3 Qe3+ 0-1

[Event "Ì17Â"]
[Site "Loo"]
[Date "2017.04.24"]
[Round "5.1"]
[White "Ñàëåìãàðååâ, Òàãèð."]
[Black "Êàðïåíêî, Àðòåì."]
[Result "1/2-1/2"]
[WhiteElo "2334"]
[BlackElo "2362"]
[PlyCount "81"]
[EventDate "2017.04.20"]

1. d4 d5 2. c4 e6 3. Nf3 c6 4. Qc2 dxc4 5. Qxc4 Nf6 6. Bg5 h6 7. Bh4 Nbd7 8.
Nc3 a6 9. e3 c5 10. Be2 b5 11. Qb3 Bb7 12. O-O Qb6 13. Rfd1 cxd4 14. exd4 Bd6
15. Bg3 Bxg3 16. hxg3 O-O 17. a4 b4 18. a5 Qd6 19. Na4 Bd5 20. Qd3 Rfb8 21. Qe3
Qc7 22. Nc5 Nxc5 23. dxc5 Rc8 24. Rdc1 Qa7 25. Ne5 Rc7 26. Nd3 Qb7 27. Ra4 b3
28. Rb4 Qc8 29. Ne5 Nd7 30. Nxd7 Qxd7 31. Bd1 Rac8 32. Bxb3 Bxb3 33. Rxb3 Qa4
34. Rb6 Qxa5 35. c6 Qa4 36. Qc5 Rd8 37. Rb7 Rd1+ 38. Rxd1 Qxd1+ 39. Kh2 Rxc6
40. Qxc6 Qh5+ 41. Kg1 1/2-1/2

[Event "Ì17Â"]
[Site "Loo"]
[Date "2017.04.24"]
[Round "5.2"]
[White "Áûêîâ, Îëåã."]
[Black "Ôàõðóòäèíîâ, Òèìóð."]
[Result "1/2-1/2"]
[WhiteElo "2314"]
[BlackElo "2437"]
[PlyCount "144"]
[EventDate "2017.04.20"]

1. Nf3 Nf6 2. c4 e6 3. g3 d5 4. Bg2 Be7 5. O-O O-O 6. d4 Nbd7 7. Qc2 c6 8. Nbd2
b6 9. e4 dxc4 10. Nxc4 Bb7 11. Rd1 c5 12. Nfe5 cxd4 13. Rxd4 Qc7 14. Bf4 Nxe5
15. Bxe5 Qc5 16. Qd2 Ba6 17. Bd6 Bxd6 18. Nxd6 e5 19. Ra4 Rfd8 20. Rxa6 Rxd6
21. Qe2 Rad8 22. Rxa7 h5 23. b3 Rd2 24. Qf3 b5 25. Rb7 Qc6 26. Re7 R8d3 27. Qf5
Rd1+ 28. Rxd1 Rxd1+ 29. Bf1 Qc1 30. Qh3 Qg5 31. Qc8+ Kh7 32. Rxf7 Nxe4 33. Qc2
Rd4 34. Bd3 Kg8 35. Rf3 Qg4 36. Re3 Ng5 37. Bf5 Rd1+ 38. Kg2 Qd4 39. Qc8+ Kf7
40. Be4 Nxe4 41. Qb7+ Kf6 42. Qxe4 Qxe4+ 43. Rxe4 Rd2 44. a3 Ra2 45. Rb4 Rxa3
46. Rxb5 g5 47. Kf3 Kf5 48. Ke3 g4 49. f4 gxf3 50. Kxf3 Ra1 51. h3 Rf1+ 52. Kg2
Rc1 53. Kf3 Rc3+ 54. Kf2 Ke4 55. Rb4+ Kd3 56. Rb5 Rc2+ 57. Kf1 Ke4 58. b4 Rh2
59. Rc5 Rb2 60. Rb5 Kd4 61. Rb8 e4 62. Ra8 Rxb4 63. Ra3 Rb2 64. h4 e3 65. Ra8
Rf2+ 66. Ke1 Rg2 67. Ra5 Rg1+ 68. Ke2 Rg2+ 69. Ke1 Rg1+ 70. Ke2 Rxg3 71. Rxh5
Rg2+ 72. Ke1 Ke4 1/2-1/2

[Event "Ì17Â"]
[Site "Loo"]
[Date "2017.04.24"]
[Round "5.3"]
[White "Ãàñàíîâ, Çàóð."]
[Black "Ãàéôóëëèí, Àðòóð."]
[Result "0-1"]
[WhiteElo "2264"]
[BlackElo "2395"]
[PlyCount "64"]
[EventDate "2017.04.20"]

1. d4 d5 2. c4 e6 3. Nf3 Nf6 4. g3 Bb4+ 5. Bd2 Be7 6. Bg2 O-O 7. O-O Nbd7 8.
Qc2 Ne4 9. Rc1 c6 10. Be1 f5 11. e3 g5 12. Nfd2 g4 13. Nxe4 fxe4 14. Qe2 Nf6
15. b4 Bd7 16. a4 a6 17. Nd2 h5 18. b5 axb5 19. axb5 Rxa1 20. Rxa1 cxb5 21.
cxb5 Qe8 22. Bf1 Nh7 23. Ra7 Qb8 24. Ra1 Ng5 25. h4 Nf3+ 26. Nxf3 gxf3 27. Qb2
Bxh4 28. gxh4 Kf7 29. Bh3 Rg8+ 30. Kh1 Qd8 31. Ra8 Qxh4 32. Rxg8 Qxh3+ 0-1

[Event "Ì17Â"]
[Site "Loo"]
[Date "2017.04.24"]
[Round "5.4"]
[White "Ñàèäîâ, Áèëóõàæ."]
[Black "Ìàëûøåâ, Ãðèãîðèé."]
[Result "0-1"]
[WhiteElo "2209"]
[BlackElo "2383"]
[PlyCount "96"]
[EventDate "2017.04.20"]

1. d4 Nf6 2. Bf4 e6 3. e3 c5 4. Nd2 d5 5. c3 Nc6 6. Ngf3 Bd6 7. Bg3 O-O 8. Bb5
a6 9. Bxc6 bxc6 10. Qa4 Bxg3 11. hxg3 Qb6 12. b3 a5 13. O-O cxd4 14. cxd4 c5
15. Rfc1 cxd4 16. Qxd4 Qxd4 17. exd4 Bd7 18. Ne5 Rfc8 19. a3 Be8 20. f3 Kf8 21.
Kf2 Ng8 22. g4 h6 23. Ke3 Ne7 24. Nd3 Nc6 25. Rc5 Ke7 26. Rac1 Kd6 27. f4 f6
28. Nf3 Rcb8 29. R1c3 Rb6 30. Nd2 Rab8 31. Rc1 h5 32. gxh5 Bxh5 33. Nb2 Be8 34.
Na4 R6b7 35. R5c2 Ne7 36. Nc5 Nf5+ 37. Kf2 Re7 38. Nf3 Bh5 39. Rd2 Bxf3 40.
Kxf3 Rc7 41. Kf2 Rb5 42. g4 Nxd4 43. Ne4+ dxe4 44. Rxc7 Kxc7 45. Rxd4 e3+ 46.
Kxe3 Rxb3+ 47. Ke4 Rxa3 48. g5 f5+ 0-1

[Event "Ì17Â"]
[Site "Loo"]
[Date "2017.04.24"]
[Round "5.5"]
[White "Ýðãåøîâ, Òèìóð."]
[Black "Êàëàáóõîâ, Áîãäàí."]
[Result "1-0"]
[WhiteElo "2326"]
[BlackElo "2263"]
[PlyCount "91"]
[EventDate "2017.04.20"]

1. d4 d5 2. c4 e6 3. Nc3 c6 4. Nf3 dxc4 5. a4 Bb4 6. e3 b5 7. Bd2 a5 8. axb5
Bxc3 9. Bxc3 cxb5 10. b3 Bb7 11. bxc4 b4 12. Bb2 Nf6 13. Bd3 O-O 14. O-O Nbd7
15. Nd2 Qc7 16. f4 a4 17. Rb1 Rfd8 18. Qe2 b3 19. Ba1 Nb8 20. f5 Nbd7 21. fxe6
fxe6 22. Nf3 Bxf3 23. Qxf3 Qd6 24. Kh1 Rab8 25. c5 Nxc5 26. Bxh7+ Kxh7 27. dxc5
Qd5 28. Qh3+ Qh5 29. Qxe6 Re8 30. Qd6 Rbd8 31. Qg3 Rd3 32. Bxf6 gxf6 33. Qc7+
Kh8 34. Qf4 Rdxe3 35. Qxa4 Qxc5 36. Rxb3 Rxb3 37. Qxe8+ Kg7 38. Qd7+ Kg6 39.
Qe6 Qc3 40. Qg8+ Kh6 41. h3 Rb2 42. Qf7 Rf2 43. Qf8+ Kg5 44. Qg7+ Kh5 45. Qg4+
Kh6 46. Qh4+ 1-0

[Event "Ì17Â"]
[Site "Loo"]
[Date "2017.04.24"]
[Round "5.6"]
[White "Âàñèë¸íîê, Àíòîí."]
[Black "ßøìåòîâ, Ìèõàèë."]
[Result "1/2-1/2"]
[WhiteElo "2174"]
[BlackElo "2322"]
[PlyCount "82"]
[EventDate "2017.04.20"]

1. d4 Nf6 2. c4 g6 3. Nc3 d5 4. cxd5 Nxd5 5. Nf3 Bg7 6. Bg5 Nxc3 7. bxc3 O-O 8.
e3 c5 9. Qd2 cxd4 10. cxd4 Nc6 11. Be2 Qd5 12. Rc1 e5 13. Bc4 Qa5 14. d5 Qxd2+
15. Nxd2 Na5 16. Be7 Re8 17. d6 Nxc4 18. Rxc4 Be6 19. Rc1 Bf8 20. Bxf8 Rxf8 21.
Ne4 Rfd8 22. Rc7 Bf5 23. Ng3 Rxd6 24. Nxf5 gxf5 25. Rxb7 Rb6 26. Rxb6 axb6 27.
O-O Rxa2 28. Rb1 Rc2 29. f4 Re2 30. fxe5 Rxe3 31. Rxb6 Rxe5 32. Kf2 Kg7 33. Ra6
Re6 34. Ra5 Kg6 35. Rb5 Ra6 36. Rb3 Ra4 37. Kf3 h5 38. h3 Kg5 39. Rc3 Rf4+ 40.
Ke3 Rf1 41. Ke2 Rf4 1/2-1/2